000 00231nam a2200097Ia 4500
008 190216s9999||||xx |||||||||||||| ||und||
100 _aGandhi Mk
245 0 _aMy Varna Shrama Dharma
260 _bBharatiya Vidya Bhavan
942 _cBK
999 _c12076
_d12076